000 00445cam a2200193 4500
001 D6900
008 090401t1967 xxu||||| |||| 00| 0 eng d
035 _a(Sirsi) u3821
041 _aeng
050 _a333.3320993
100 _aMcVeagh, E.J.
245 _aLand valuation case book
260 _aWellington
_bButterworths
_c1967
300 _axiii. 686p. 25cm
350 _a0
700 _aBabe, E.J.
942 _n0
948 _c04/03/1997
999 _c85943
_d85943